00714cam a22002291 4500001001300000003000400013005001700017008004100034010001700075025002000092035002000112040001700132042001200149050001900161110004900180245006200229260006200291300002700353504004100380650004600421999001700467sa 68019024 DLC20260227112716.0931124s1967 io bs 000 0 ind  asa 68019024  aPL480:Indo-7807 a(OCoLC)29385150 aDLCcCUdDLC apremarc00aL597b.C5 19671 aIndonesia.bTeam Statistik Perguruan Tinggi.10aLaporan tentang perguruan tinggi di Indonesia tahun 1967. a[Djakarta]bDirektorat Djenderal Perguruan Tinggi,c1967. avii, 63, 16 p.c34 cm. aIncludes bibliographical references. 0aEducation, HigherzIndonesiavStatistics. c88777d88777